000 00610nam a2200181 i 4500
001 91230
003 ES-MaACL
005 20230906180654.0
007 t|
008 050128s1905 xxk ||||1| eng d
080 _a930.85(5-15)
100 1 _aLe Strange, Guy.
_970934
245 1 4 _aThe lands of the Eastern :
_bCaliphate, Mesopotamia, Persia and Central Asia from the Moslem conquest to the time of Timur /
_cby G. Le Strange.
260 _aCambridge :
_bJohn Clay,
_c1905.
300 _aXV, 536 p. :
_b10 mapas ;
_c20 cm.
651 4 _aOriente Medio-
_xCivilización.
_9170045
852 4 _aES-MaACL
_jG-15267
999 _c91230
_d91230